000 00611nam a2200181Ia 4500
008 100921s9999 xx 000 0 und d
082 _b26618
_a891.461 थ 37
100 _aबोरकर बाळकृष्ण भगवंत.
245 _aजीवन-संगीत.
260 _bभारत-गौरव-ग्रंथमाला,मुंबई.
_c1937
300 _a86
_b---
365 _b1.25
520 _aललित-काव्य.
630 _aजीवन-संगीत.
650 _aललित-काव्य.
730 _aजीवन-संगीत.
942 _cBOOK
999 _c775731
_d775728